[Event "Hillerod Spar Nord op"]
[Site "Hillerod"]
[Date "2016.10.07"]
[Round "4"]
[White "Svensson, Stig"]
[Black "Christoffersen, Micki Aron"]
[Result "1-0"]
[WhiteElo "1595"]
[BlackElo "1232"]
[PlyCount "35"]
[EventDate "2016.09.13"]
[EventType "swiss"]
[EventRounds "7"]
[EventCountry "DEN"]
[SourceTitle "EXT 2024"]
[Source "ChessBase"]
[SourceDate "2023.10.10"]
[SourceVersion "1"]
[SourceVersionDate "2023.10.10"]
[SourceQuality "1"]

1. d4 d5 2. c4 dxc4 3. Nf3 Bd7 4. e3 Nf6 5. Bxc4 e6 6. 0-0 Be7 7. a4 0-0 8. Ne5 Re8 9. Nc3 c6 10. Bd3 Qc7 11. Ne4 Nxe4 12. Bxe4 Bd6 13. f4 Na6 14. Bxh7+ Kxh7 15. Qh5+ Kg8 16. Qxf7+ Kh7 17. Nxd7 Re7 18. Nf6+ 1-0

[Event "Hillerod Spar Nord op"]
[Site "Hillerod"]
[Date "2016.09.19"]
[Round "1"]
[White "Jacobsen, Hans Endrup"]
[Black "Svensson, Stig"]
[Result "1/2-1/2"]
[WhiteElo "1965"]
[BlackElo "1595"]
[PlyCount "72"]
[EventDate "2016.09.13"]
[EventType "swiss"]
[EventRounds "7"]
[EventCountry "DEN"]
[SourceTitle "EXT 2024"]
[Source "ChessBase"]
[SourceDate "2023.10.10"]
[SourceVersion "1"]
[SourceVersionDate "2023.10.10"]
[SourceQuality "1"]

1. d4 c6 2. c4 d5 3. Nc3 Nf6 4. Nf3 Bf5 5. e3 e6 6. Be2 Nbd7 7. 0-0 Bd6 8. b3 Rc8 9. Bb2 0-0 10. Nh4 Bg6 11. Nxg6 hxg6 12. a3 Bb8 13. Rc1 Re8 14. g3 Qe7 15. Bf3 Nb6 16. Qe2 Red8 17. Bg2 g5 18. Rfd1 Qe8 19. e4 g6 20. e5 Nh7 21. c5 Na8 22. Bh3 Qf8 23. b4 Qh6 24. Bg4 Rf8 25. Re1 Rce8 26. Rb1 Bc7 27. Bc1 Bd8 28. b5 f5 29. exf6 Bxf6 30. Bxe6+ Kh8 31. bxc6 bxc6 32. Rb4 Nc7 33. Qg4 Qh5 34. Ne4 Qxg4 35. Bxg4 Rxe4 36. Rxe4 dxe4 1/2-1/2

[Event "DEN-ch Kort 2-2"]
[Site "Helsingor"]
[Date "2013.03.30"]
[Round "5"]
[White "Krojgaard, Soren"]
[Black "Svensson, Stig"]
[Result "1-0"]
[WhiteElo "1542"]
[BlackElo "1591"]
[PlyCount "93"]
[EventDate "2013.03.28"]
[EventType "swiss"]
[EventRounds "5"]
[EventCountry "DEN"]
[SourceTitle "EXT 2023"]
[Source "ChessBase"]
[SourceDate "2022.10.05"]
[SourceVersion "1"]
[SourceVersionDate "2022.10.05"]
[SourceQuality "1"]

1. e4 e5 2. Nc3 Nc6 3. Bc4 Nf6 4. d3 Be7 5. f4 d6 6. f5 Na5 7. g4 Nxc4 8. dxc4 Nd7 9. Nge2 Bh4+ 10. Ng3 Nb6 11. b3 Bd7 12. Qf3 c5 13. Bd2 Bc6 14. 0-0-0 a5 15. a4 Be7 16. Rhf1 f6 17. h4 Kd7 18. Be3 Nxc4 19. bxc4 b6 20. Nb5 Bxb5 21. cxb5 Kc7 22. c4 Qg8 23. Rd5 g6 24. Rfd1 Rd8 25. Kb2 gxf5 26. Nxf5 Qf7 27. Nxe7 Qxe7 28. Qf5 Rhf8 29. Bh6 Rf7 30. Kb3 Rd7 31. Qf2 Qe6 32. Qd2 Rd8 33. Rd3 Rfd7 34. Rg3 Rg8 35. Qd5 Qe8 36. Qc6+ Kb8 37. Qxb6+ Ka8 38. Rxd6 Rxd6 39. Qxd6 Qc8 40. Qd5+ Kb8 41. Qd6+ Ka8 42. Qxf6 Rg6 43. Qf8 Kb8 44. Qxc8+ Kxc8 45. Bf8 Kc7 46. g5 Kb6 47. Rf3 1-0

[Event "DEN-ch Kort 2-2"]
[Site "Helsingor"]
[Date "2013.03.28"]
[Round "1"]
[White "Andersen, Aage Kristian"]
[Black "Svensson, Stig"]
[Result "1-0"]
[WhiteElo "1620"]
[BlackElo "1591"]
[PlyCount "60"]
[EventDate "2013.03.28"]
[EventType "swiss"]
[EventRounds "5"]
[EventCountry "DEN"]
[SourceTitle "EXT 2023"]
[Source "ChessBase"]
[SourceDate "2022.10.05"]
[SourceVersion "1"]
[SourceVersionDate "2022.10.05"]
[SourceQuality "1"]

1. d4 Nf6 2. c4 g6 3. Nc3 Bg7 4. e4 d6 5. Bd3 0-0 6. f4 e5 7. fxe5 dxe5 8. d5 Na6 9. Nf3 Bg4 10. 0-0 c5 11. Bg5 Re8 12. Qd2 Qa5 13. h3 Bxf3 14. Rxf3 Nd7 15. a3 Qb6 16. Qf2 f6 17. Be3 Qd6 18. Nb5 Qe7 19. Rb1 b6 20. g4 Rf8 21. Qc2 Rfc8 22. d6 Qd8 23. Qa4 Ndb8 24. Rd1 Rc6 25. Be2 Qd7 26. Bf2 h5 27. gxh5 g5 28. Rg3 Qf7 29. Bg4 Kh8 30. d7 Nxd7 1-0